000 00934nam a2200325 a 4500
003 AR-BaBNM
005 20251128210210.0
008 082120s2002 ||||||||||||||000 | spa||
020 _a84-7884-155-5
040 _cAR-BaBNM
245 0 0 _aActividades lúdicas
_bel juego, una alternativa para jóvenes
260 _aMadrid
_bAsociación Circe
_bPopular
_c1995
300 _a175 p.
_bil.,tablas
490 0 _aTiempo libre
_vv. 7
504 _aContiene bibliografía p. 167-171
650 4 _aJUEGO
650 4 _aEDUCACION Y TIEMPO LIBRE
650 4 _aADOLESCENTES
650 4 _aJUVENTUD
700 1 _aArribas, Lucía
700 1 _aGómez, Vicente
700 1 _aMartín, Ana
700 1 _aMartínez, Amparo
700 1 _aRamírez, Cristina
700 1 _aLeón, Marcos
_eilustrador
800 1 _aMartínez, Luz
_ecoordinador
810 2 _aEscuela de Animación y Educación Juvenil
942 _cBK
998 _cRaquel
999 _c14470
_d14470